| 000 | 00891nam a22002417a 4500 | ||
|---|---|---|---|
| 999 |
_c10648 _d10648 |
||
| 003 | AR-CdUCM | ||
| 008 | 190401b ||||| |||| 00| 0 spa d | ||
| 040 |
_aMUNICIPALIDAD PROVINCIAL DEL CUSCO _cBIBLIOTECA MUNICIPAL DEL CUSCO |
||
| 082 |
_aEP / 372.460 / _bM26 |
||
| 100 |
_aMartos, Marco _91115 |
||
| 245 |
_aRetablo : _bCiencias histórico-sociales / |
||
| 260 |
_aLima : _bEditorial casa nuestra, _c1985. |
||
| 300 |
_a103 páginas ; _bFotografías, ilustraciones, _c21 cm. |
||
| 505 | _aContenido: La familia -- La escuela -- La comunidad -- Nuestra geografía -- Las regiones naturales -- El mar como fuente de riqueza... | ||
| 650 |
_aLibro de lecturas _927519 |
||
| 650 |
_aLiteratura escolar _926679 |
||
| 650 |
_aPerú _935 |
||
| 700 |
_aPinto, Luisa _99392 |
||
| 700 |
_aPasco, Consuelo _99394 |
||
| 700 |
_aChavarria, Clotilde _99393 |
||
| 942 |
_2ddc _cLIBROS |
||
| 945 | _adavv | ||